header

Choosing home (Record no. 28648)

MARC details
000 -LEADER
fixed length control field 01417nam a22003254a 4500
082 04 - DEWEY DECIMAL CLASSIFICATION NUMBER
Classification number 371.04/2
100 1# - MAIN ENTRY--AUTHOR NAME
Personal name Hartnett, Martha Kennedy,
245 10 - TITLE STATEMENT
Title Choosing home
260 ## - PUBLICATION, DISTRIBUTION, ETC. (IMPRINT)
Place of publication London ;
-- New York :
Name of publisher J. Kingsley Publishers,
Year of publication 2004.
300 ## - PHYSICAL DESCRIPTION
Number of Pages 111 p.
505 0# - FORMATTED CONTENTS NOTE
Formatted contents note Struggling -- The road home -- Moving forward -- Socialization -- Making it all work -- Practical tips -- Burnout -- Stories and reflections.
650 #0 - SUBJECT ADDED ENTRY--TOPICAL TERM
Topical Term Autistic children
Topical Term Home schooling.
Topical Term Asperger's syndrome.
856 40 - ELECTRONIC LOCATION AND ACCESS
Uniform Resource Identifier http://site.ebrary.com/lib/rucke/Doc?id=10068557

No items available.

© 2026 Rongo University
Contact us: librarian | system librarian | Rongo university